00566nam a2200205Ia 4500003000400000005001700004008004100021020002900062040001700091082002100108100002300129245007100152250001100223260002700234300002700261500001900288650001200307650002000319700002100339IIN20250324170505.0250324s9999 xx ad 001 0 eng d cRs.450.00a9789354665691 aIINbEnglish a611 bGAR1 aGarg,Krishna (ed.) aBD Chaurasia's Handbook of General Anatomycedited by Krishna Garg a7th ed bCBSPDaNew Delhic2023 axiv, 450 p.bcol. ill. aIncludes Index1 aAnatomy1 aGeneral Anatomy aChaurasia, B. D.